Ready notes for use with Fundamentals of corporate finance, third edition / (Record no. 15790)

000 -LEADER
fixed length control field 00442nam a2200157 a 4500
020 ## - INTERNATIONAL STANDARD BOOK NUMBER
ISBN 0256135908
040 ## - CATALOGING SOURCE
Transcribing agency DLC
082 00 - DEWEY DECIMAL CLASSIFICATION NUMBER
Classification number 658​ LRW 1995 A056 Or.
100 1# - MAIN ENTRY--AUTHOR NAME
Personal name Eussell, Thomas H.
245 10 - TITLE STATEMENT
Title Ready notes for use with Fundamentals of corporate finance, third edition /
260 ## - PUBLICATION, DISTRIBUTION, ETC. (IMPRINT)
Place of publication Chicago :
Name of publisher Irwin,
Year of publication c1995.
300 ## - PHYSICAL DESCRIPTION
Number of Pages 1 v. (unpaged) :
Other physical details ill. ;
Dimensions 26 cm.
650 #0 - SUBJECT ADDED ENTRY--TOPICAL TERM
Topical Term Corporations
700 1# - ADDED ENTRY--PERSONAL NAME
Personal name Ross, Stephen A.
942 ## - ADDED ENTRY ELEMENTS (KOHA)
Koha item type សៀវភៅភាសាអង់គ្លេស
952 ## - LOCATION AND ITEM INFORMATION (KOHA)
Withdrawn status [LOCAL, KOHA] 0
Holdings
Permanent Location Date acquired Koha item type Lost status Shelving location Barcode Current Location Full call number
Library Block A2017-12-11សៀវភៅភាសាអង់គ្លេស A056A12022Library Block A658​ LRW 1995 A056 Or.
មជ្ឈមណ្ឌលឯការនៃសាកលវិទ្យាល័យភូមិន្ទកសិកម្មចំការដូង

Powered by Koha